000 00664nam a22002177a 4500
005 20260317135638.0
008 260317b2025 vm ||||| |||| 00| | vie d
020 _a9786044354293
_c0
041 _avie
082 _a174.961
_bNG-H
100 _aNguyễn Viết Hiền
245 _aVấn đề đạo đức trong thực hành tâm lý lâm sàng /
_cNguyễn Viết Hiền (Chủ biên), Lê Ngọc Trâm
260 _aH. :
_bĐHQGHN,
_c2025
300 _a277 tr.
_c21 cm.
653 _aĐạo đức nghề nghiệp
653 _aTâm lí học lâm sàng
653 _aThực hành
700 _aLê Ngọc Trâm
911 _aYen
942 _2ddc
_cBK
999 _c11362
_d11362